Africa's experience with structural adjjjustment : (Record no. 13003)
[ view plain ]
| 000 -LEADER | |
|---|---|
| fixed length control field | 00791nam a22002172 4500 |
| 001 - CONTROL NUMBER | |
| control field | 0000005936 |
| 005 - DATE AND TIME OF LATEST TRANSACTION | |
| control field | 20151217155829.0 |
| 008 - FIXED-LENGTH DATA ELEMENTS--GENERAL INFORMATION | |
| fixed length control field | 070810s xx 000 0 eng d |
| 020 ## - INTERNATIONAL STANDARD BOOK NUMBER | |
| International Standard Book Number | 0821332988 : |
| Terms of availability | KES 800 |
| 040 ## - CATALOGING SOURCE | |
| Original cataloging agency | KABU |
| Transcribing agency | KABU |
| 050 #0 - LIBRARY OF CONGRESS CALL NUMBER | |
| Classification number | HC800 |
| Item number | .A47 |
| 245 10 - TITLE STATEMENT | |
| Title | Africa's experience with structural adjjjustment : |
| Remainder of title | proceedings of the Harare seminar, May 23-24 / |
| Statement of responsibility, etc. | edited by Kapil Kapoor. |
| 260 ## - PUBLICATION, DISTRIBUTION, ETC. (IMPRINT) | |
| Place of publication, distribution, etc. | Washington, DC : |
| Name of publisher, distributor, etc. | World Bank, |
| Date of publication, distribution, etc. | 1995. |
| 300 ## - PHYSICAL DESCRIPTION | |
| Extent | vii, 142 p. |
| 650 #0 - SUBJECT ADDED ENTRY--TOPICAL TERM | |
| Topical term or geographic name as entry element | Structural adjustment (Economic policy) |
| Geographic subdivision | Africa |
| General subdivision | Congresses. |
| -- | 0000157250 |
| 700 1# - ADDED ENTRY--PERSONAL NAME | |
| Personal name | Kapoor, Kapil. |
| -- | 0000157251 |
| 710 2# - ADDED ENTRY--CORPORATE NAME | |
| Corporate name or jurisdiction name as entry element | International Bank for Reconstruction and Development. |
| -- | 0000153632 |
| 908 ## - PUT COMMAND PARAMETER (RLIN) | |
| Put command parameter | 070810 |
| 950 ## - LOCAL HOLDINGS (RLIN) | |
| -- | 1 |
| Withdrawn status | Lost status | Source of classification or shelving scheme | Not for loan | Home library | Current library | Date acquired | Total Checkouts | Full call number | Barcode | Date last seen | Price effective from | Koha item type |
|---|---|---|---|---|---|---|---|---|---|---|---|---|
| Library of Congress Classification | Kabarak, Main Campus | Kabarak, Main Campus | 17/12/2015 | HC800 .A47 | 001883 | 17/12/2015 | 17/12/2015 | Africana Collection |